000 00364nam a22001217a 4500
999 _c3113
_d3113
005 20201001145649.0
008 201001b ||||| |||| 00| 0 eng d
020 _a11950
040 _cCML
245 _aThe Guinness Book of Records.
_cNorris
260 _aLondon
_bGuinness Superlatives Ltd
_c1966
942 _2ddc
_cBK
_e1st Edition
_h032
_kREF 032
_mNOR